[Event "MBSK 2009 A"]
[Site "?"]
[Date "2009.09.13"]
[Round "5.9"]
[White "Zymberi, Jeton"]
[Black "Peponis, Pantelis"]
[Result "1-0"]
[WhiteElo "1808"]
[BlackElo "1754"]
[PlyCount "43"]
[EventDate "2009.09.11"]
[SourceDate "2009.09.11"]

1. e4 d6 2. d4 Nf6 3. Nc3 g6 4. Bg5 Bg7 5. Nf3 Nbd7 6. Bc4 O-O 7. O-O e5 8.
dxe5 dxe5 9. Nd5 c6 10. Nxf6+ Bxf6 11. Bh6 Bg7 12. Bxg7 Kxg7 13. Qd6 Qa5 14. b4
Qb6 15. Nxe5 Nf6 16. Rae1 a5 17. Nxf7 Rxf7 18. Bxf7 Kxf7 19. e5 Nd5 20. e6+ Kg8
21. e7 Nxe7 22. Rxe7 1-0

[Event "MBSK 2009 A"]
[Site "?"]
[Date "2009.09.13"]
[Round "5.14"]
[White "Gubela, Hans-Erich Const"]
[Black "Bladt, Johannes"]
[Result "1-0"]
[WhiteElo "1721"]
[BlackElo "1620"]
[PlyCount "59"]
[EventDate "2009.09.11"]
[SourceDate "2009.09.11"]

1. e4 e6 2. d4 d5 3. Nd2 Nf6 4. Bd3 c5 5. e5 Nfd7 6. c3 Nc6 7. Ngf3 Qb6 8. O-O
cxd4 9. cxd4 Nxd4 10. Nxd4 Qxd4 11. Nf3 Qb6 12. a3 f6 13. exf6 Nxf6 14. Bg5 Be7
15. Qa4+ Bd7 16. Qh4 O-O-O 17. Be3 Qa5 18. b4 Qa4 19. Rfc1+ Kb8 20. Bc2 Qa6 21.
a4 b6 22. b5 Qb7 23. a5 Bxb5 24. axb6 a6 25. Nd4 Bc5 26. Nxb5 Bxe3 27. fxe3
axb5 28. Qg3+ Kc8 29. Ba4+ Kd7 30. Bxb5+ 1-0

[Event "MBSK 2009 A"]
[Site "?"]
[Date "2009.09.13"]
[Round "5.11"]
[White "Ciolek, Florian"]
[Black "Klein, Michael"]
[Result "1/2-1/2"]
[WhiteElo "1766"]
[BlackElo "1745"]
[PlyCount "57"]
[EventDate "2009.09.11"]
[SourceDate "2009.09.11"]

1. e4 e6 2. d4 d5 3. Nc3 Bb4 4. e5 Ne7 5. a3 Bxc3+ 6. bxc3 c5 7. Qg4 O-O 8. Bd3
f5 9. exf6 Rxf6 10. Bg5 Rf7 11. Qh4 h6 12. Bd2 Nbc6 13. Nf3 c4 14. Be2 Qc7 15.
Qg3 Qxg3 16. hxg3 Bd7 17. Bf4 Ng6 18. Be3 Rf6 19. Nh4 Be8 20. Kd2 Bf7 21. Nxg6
Bxg6 22. Bf4 Raf8 23. Rhe1 Kf7 24. Bg4 Bf5 25. Bh5+ Bg6 26. Bxg6+ Kxg6 27. a4
b6 28. f3 Kf7 29. Be3 1/2-1/2

[Event "MBSK 2009 A"]
[Site "?"]
[Date "2009.09.13"]
[Round "5.1"]
[White "Vyernyy, Leonid"]
[Black "Moser, Axel"]
[Result "0-1"]
[WhiteElo "2025"]
[BlackElo "2115"]
[PlyCount "72"]
[EventDate "2009.09.11"]
[SourceDate "2009.09.11"]

1. e4 d6 2. d4 Nf6 3. Nc3 Nbd7 4. f4 e5 5. Nf3 exd4 6. Nxd4 g6 7. Be2 Bg7 8.
O-O O-O 9. Bf3 Re8 10. Re1 c6 11. Be3 Qc7 12. Nb3 b6 13. Qd2 Bb7 14. Rad1 Bf8
15. Qf2 b5 16. a3 a5 17. Nd2 b4 18. Na2 c5 19. e5 dxe5 20. fxe5 Rxe5 21. Bxb7
Qxb7 22. Bf4 Rf5 23. Qh4 bxa3 24. b3 Nd5 25. Bg3 Nb4 26. Nxb4 axb4 27. Rf1
Rxf1+ 28. Rxf1 Qd5 29. Ne4 a2 30. c4 bxc3 31. Nxc3 Qd4+ 32. Qxd4 cxd4 33. Na4
Nc5 34. Ra1 Nxa4 35. bxa4 Rxa4 36. Kf1 Bg7 0-1

[Event "MBSK 2009 A"]
[Site "?"]
[Date "2009.09.13"]
[Round "5.10"]
[White "Riehle, Marco"]
[Black "Graf, Anton"]
[Result "0-1"]
[WhiteElo "1366"]
[BlackElo "1807"]
[PlyCount "64"]
[EventDate "2009.09.11"]
[SourceDate "2009.09.11"]

1. e4 c5 2. Nf3 Nc6 3. d4 cxd4 4. Nxd4 Nf6 5. Nc3 a6 6. Be3 g6 7. f3 Bg7 8. Qd2
O-O 9. O-O-O Qc7 10. g4 b5 11. h4 Nxd4 12. Bxd4 h5 13. Bxf6 Bxf6 14. gxh5 Qe5
15. hxg6 fxg6 16. f4 Qe6 17. e5 Bb7 18. Bh3 Qc4 19. Rhf1 Bxh4 20. Qxd7 Qc6 21.
Qg4 b4 22. Na4 Rac8 23. c3 g5 24. Rg1 Qxa4 25. Qxh4 Rxc3+ 26. bxc3 Qa3+ 27. Kd2
Qxc3+ 28. Ke2 Qf3+ 29. Kd2 Rd8+ 30. Kc2 Qc3+ 31. Kb1 Be4+ 32. Rd3 Bxd3# 0-1

[Event "MBSK 2009 A"]
[Site "?"]
[Date "2009.09.13"]
[Round "5.13"]
[White "Johne, Florian"]
[Black "Probka, Jakiv"]
[Result "1-0"]
[WhiteElo "1751"]
[BlackElo "1534"]
[Annotator "User,Your"]
[PlyCount "88"]
[EventDate "2009.09.11"]
[SourceDate "2009.09.11"]

1. e4 c5 2. Nc3 g6 3. f4 d6 4. Nf3 Bg7 5. Bb5+ Bd7 6. Bxd7+ Nxd7 7. O-O Ngf6 8.
d3 O-O 9. Qe1 Re8 10. f5 h6 11. fxg6 fxg6 12. Nh4 Kh7 13. Qg3 Ne5 14. Ne2 Qd7
15. h3 Rf8 16. Nf3 Nxf3+ 17. gxf3 Rf7 18. h4 Raf8 19. Nf4 Ng8 20. Nxg6 Rd8 21.
f4 e6 22. h5 Nf6 23. Qf3 Rg8 24. Kh1 Qc6 25. c3 a6 26. Bd2 Qb5 27. Rab1 Nd7 28.
Qh3 Rf6 29. c4 Qc6 30. Bc3 e5 31. f5 Rf7 32. Kh2 Qa4 33. Qg2 Qxa2 34. Qe2 Nb6
35. Ra1 Qxa1 36. Rxa1 Nd7 37. b4 Re8 38. Ra5 Bf6 39. b5 axb5 40. Rxb5 b6 41.
Bd2 Ra8 42. Rb2 Rb8 43. Ra2 Rb7 44. Ra8 Nb8 {Rest nicht rekonstruierbar} 1-0

[Event "MBSK 2009 A"]
[Site "?"]
[Date "2009.09.13"]
[Round "5.12"]
[White "Karaissaridis, Christos"]
[Black "Bruns, Patrick"]
[Result "0-1"]
[WhiteElo "1720"]
[BlackElo "1682"]
[PlyCount "72"]
[EventDate "2009.09.11"]
[SourceDate "2009.09.11"]

1. d4 f5 2. Bf4 Nf6 3. e3 g6 4. Be2 Bg7 5. h4 h6 6. Nd2 d6 7. Nh3 c6 8. c3 Nbd7
9. g4 Nf8 10. g5 hxg5 11. Nxg5 Ne6 12. Ndf3 Nxf4 13. exf4 Qb6 14. Bc4 d5 15.
Bb3 Ne4 16. Qe2 Bd7 17. O-O-O a5 18. Bc2 a4 19. a3 Ra5 20. Rdg1 c5 21. Ne5 cxd4
22. Nxe4 dxe4 23. Rxg6 Bf6 24. Rhg1 Be6 25. cxd4 Qxd4 26. Rd1 Qc5 27. Qd2 Qc7
28. Kb1 Rxh4 29. Qb4 b5 30. Nc6 Ra8 31. Qxb5 Kf7 32. Rgg1 Rhh8 33. Bxa4 Rhb8
34. Nxb8 Rxb8 35. Qc6 Rxb2+ 36. Kc1 Qxf4+ 0-1

[Event "MBSK 2009 A"]
[Site "?"]
[Date "2009.09.13"]
[Round "5.6"]
[White "Gashi, Fadil"]
[Black "Osmanovic, Faruk"]
[Result "1-0"]
[WhiteElo "1712"]
[BlackElo "2096"]
[PlyCount "112"]
[EventDate "2009.09.11"]
[SourceDate "2009.09.11"]

1. d4 Nf6 2. c4 e6 3. Nc3 Bb4 4. Qc2 c5 5. Nf3 O-O 6. a3 Qa5 7. Bd2 cxd4 8.
Nxd4 Bxc3 9. Bxc3 Qc7 10. e3 d5 11. Nb5 Qc6 12. Bxf6 gxf6 13. Nd4 Qc7 14. cxd5
Qxc2 15. Nxc2 exd5 16. Bd3 Nc6 17. O-O Be6 18. Be2 Rac8 19. Rfd1 Rfd8 20. h3
Rd6 21. Rac1 Kg7 22. b4 a6 23. Kf1 f5 24. a4 Ne5 25. Nd4 Rdd8 26. f4 Nd7 27. g4
Kf6 28. Kf2 Nf8 29. g5+ Ke7 30. Bd3 Rxc1 31. Rxc1 Rc8 32. Rxc8 Bxc8 33. Nxf5+
Ke6 34. Nd4+ Kd6 35. h4 Bd7 36. a5 Bg4 37. Nf3 Ke6 38. Kg3 Bxf3 39. Kxf3 f5 40.
h5 Nd7 41. Ke2 h6 42. b5 axb5 43. Bxb5 Nc5 44. gxh6 Kf7 45. Be8+ Kf6 46. Bg6
Nb3 47. h7 Kg7 48. h6+ Kh8 49. Bxf5 Nxa5 50. Bg6 Nc4 51. Kd3 b5 52. f5 b4 53.
Kd4 b3 54. f6 Nb6 55. Bf5 b2 56. f7 Nd7 1-0

[Event "MBSK 2009 A"]
[Site "?"]
[Date "2009.09.13"]
[Round "5.4"]
[White "Gubela, Hans-Erich"]
[Black "Sexauer, Achim"]
[Result "1/2-1/2"]
[WhiteElo "1911"]
[BlackElo "1852"]
[PlyCount "81"]
[EventDate "2009.09.11"]
[SourceDate "2009.09.11"]

1. e4 e5 2. Nc3 Nf6 3. d3 d6 4. Be2 Be7 5. f4 Nbd7 6. Nf3 c6 7. fxe5 Nxe5 8.
Nxe5 dxe5 9. Be3 Be6 10. O-O Nd7 11. Bg4 Bc5 12. Bxc5 Nxc5 13. Bxe6 Nxe6 14.
Qh5 Qd4+ 15. Kh1 Nf4 16. Qg4 O-O 17. g3 Ne6 18. Rf3 Qb4 19. Rb1 Nd4 20. Rf2 a5
21. Qd1 a4 22. Ne2 Qd6 23. Nxd4 exd4 24. Qh5 b6 25. Rbf1 Ra7 26. g4 Ra5 27. Qh4
h6 28. Rf5 Rxf5 29. gxf5 Qe5 30. f6 Qg5 31. Qf2 g6 32. Qxd4 b5 33. Qf2 Re8 34.
Qf4 Qh5 35. Rg1 Kh7 36. Qg4 Qc5 37. Qd7 Rf8 38. d4 Qxc2 39. Qe7 Qd3 40. Qxf8
Qf3+ 41. Rg2 1/2-1/2

[Event "MBSK 2009 A"]
[Site "?"]
[Date "2009.09.13"]
[Round "5.3"]
[White "Van der Vegt, Hans"]
[Black "Zunker, Michael"]
[Result "0-1"]
[WhiteElo "2107"]
[BlackElo "1978"]
[PlyCount "72"]
[EventDate "2009.09.11"]
[SourceDate "2009.09.11"]

1. d4 Nf6 2. Nf3 e6 3. Bf4 b6 4. e3 Bb7 5. Bd3 d5 6. Nbd2 Bd6 7. Bg3 Qe7 8. c3
Bxg3 9. hxg3 Nbd7 10. Qa4 a6 11. b4 Qd6 12. Qc2 h6 13. e4 dxe4 14. Nxe4 Nxe4
15. Bxe4 Bd5 16. Ng5 Nf6 17. Bg6 e5 18. O-O-O O-O-O 19. Nxf7 Bxf7 20. Bxf7 Qe7
21. Bg6 exd4 22. Rhe1 Qd6 23. Rxd4 Qc6 24. Rxd8+ Rxd8 25. Re7 Nd5 26. Rxg7 Nxc3
27. Kb2 Nd1+ 28. Kb3 Qd5+ 29. Ka3 Qd6 30. Qe4 Kb8 31. f4 Nc3 32. Qc4 Nb5+ 33.
Ka4 Qd1+ 34. Bc2 Qc1 35. Qb3 Nd4 36. Rg8 b5+ 0-1

[Event "MBSK 2009 A"]
[Site "?"]
[Date "2009.09.13"]
[Round "5.5"]
[White "Schmitz, Stefan"]
[Black "Knopf, Klaus"]
[Result "1/2-1/2"]
[WhiteElo "1899"]
[BlackElo "1812"]
[PlyCount "114"]
[EventDate "2009.09.11"]
[SourceDate "2009.09.11"]

1. e4 c5 2. Nf3 Nc6 3. d4 cxd4 4. Nxd4 Nf6 5. Nc3 e5 6. Ndb5 d6 7. Bg5 a6 8.
Bxf6 gxf6 9. Na3 f5 10. Nc4 fxe4 11. Nxe4 Nd4 12. Ne3 Be6 13. c3 Nf5 14. Nd5
Bg7 15. Bc4 O-O 16. Qf3 Kh8 17. h4 Rc8 18. Bb3 Ne7 19. Nxe7 Qxe7 20. O-O-O Bxb3
21. axb3 Rc6 22. g4 Qe6 23. Ng5 Bh6 24. Kb1 Qg6+ 25. Ka1 Bxg5 26. hxg5 Qxg5 27.
Rh5 Qg6 28. Rdh1 e4 29. Rxh7+ Qxh7 30. Rxh7+ Kxh7 31. Qxe4+ Kg7 32. f4 f6 33.
Qd5 Re8 34. b4 Kf8 35. Qf5 Ke7 36. Qh7+ Ke6 37. Qxb7 Rec8 38. Kb1 R8c7 39. Qb8
Kd5 40. Qg8+ Ke4 41. f5 Kf4 42. g5 Rc8 43. Qg6 fxg5 44. f6 Rd8 45. f7 Rcc8 46.
Kc1 d5 47. Kd1 g4 48. Ke1 Rf8 49. Kf1 Rcd8 50. Kf2 Ke5 51. Kg3 d4 52. cxd4+
Kxd4 53. Qxa6 Kd5 54. Qf6 Kc4 55. Kxg4 Kxb4 56. Kg5 Rb8 57. Kg6 Rfc8 1/2-1/2

[Event "MBSK 2009 A"]
[Site "?"]
[Date "2009.09.13"]
[Round "5.7"]
[White "Czikuß, Hans-Joachim"]
[Black "Jaeschke, Felix"]
[Result "1-0"]
[WhiteElo "1964"]
[BlackElo "1782"]
[Annotator "User,Your"]
[PlyCount "110"]
[EventDate "2009.09.11"]
[SourceDate "2009.09.11"]

1. Nf3 Nf6 2. c4 b6 3. g3 Bb7 4. Bg2 c5 5. O-O g6 6. b3 Bg7 7. Bb2 O-O 8. e3 d6
9. Qe2 e5 10. d3 Ne8 11. Nc3 f5 12. Rad1 Nf6 13. Rd2 f4 14. exf4 exf4 15. Re1
Re8 16. Qd1 Nbd7 17. Nb5 Ne5 18. Nxe5 Bxg2 19. Kxg2 dxe5 20. Rxe5 Rf8 21. f3 a6
22. Na3 Bh6 23. Rf2 fxg3 24. hxg3 Nh5 25. Re4 Qd6 26. Be5 Qd7 27. Nc2 Rae8 28.
Qe2 Rf5 29. f4 Rf7 30. Ne3 Rd8 31. Nd5 Bg7 32. Bxg7 Nxg7 33. Nxb6 Qxd3 34. Qxd3
Rxd3 35. g4 h5 36. gxh5 Nxh5 37. Nd5 Rg3+ 38. Kf1 Rg4 39. Ke1 Kg7 40. Kd2 g5
41. Re5 Nxf4 42. Nxf4 gxf4 43. Rxc5 Rg6 44. Kc3 Re6 45. Rd5 Kg6 46. Kb4 f3 47.
Rd3 Ref6 48. c5 Kg5 49. Rc3 Kg4 50. Ka5 Rc6 51. b4 Kg3 52. Rcc2 Rb7 53. Rf1 Re6
54. a4 Re2 55. Rcc1 f2 {Rest nicht rekonstruierbar} 1-0